000 00559nam a2200193Ia 4500
003 GCL
008 140319s9999 xx 000 0 ara d
040 _aGCL /
_cGCL
082 0 4 _aط
_b813.02
_bص ل
100 1 _aثريا ابوالسعود
245 1 0 _aحاتم وحمام السباحة /
_cثريا ابوالسعود
260 _a[S.N] :
_bدار المعارف ،
_c1992
300 _a16 ص
490 _aلون واقرا
_v0
650 0 4 _aقصص البطولات
650 0 4 _aقصص الاطفال
650 0 4 _aاطفال
942 _2ddc
_cBK
999 _c58341
_d58341